Statystyki dla Quiz o Hondurasie

Kliknij tutaj aby rozwiązać quiz!

Ogólne statystyki

  • Ten quiz został rozwiązany 451 razy
  • Średni wynik to 12 z 20

Statystyki odpowiedzi

WskazówkaOdpowedź% Poprawnych
Oficjalny językhiszpański
96%
Państwa granicząceSalwador
93%
Państwa granicząceNikaragua
92%
Państwa granicząceGwatemala
91%
Morze graniczące z HondurasemMorze {Karaibskie}
90%
Pierwszy Europejczyk, który dotarł do HondurasuKrzysztof Kolumb
84%
Stolica HondurasuTegucigalpa
80%
Cywilizacja, która zbudowała miasto Copán, którego
ruiny są wpisane na Listę Światowego Dziedzictwa UNESCO
Cywilizacja {Majów}
75%
Określenie niestabilnego, skorumpowanego państwa
wykorzystywanego przez firmy owocowe
(pierwotnie ukuty na opisanie Hondurasu)
Republika {Bananowa}
59%
Krótka wojna stoczona w 1969 roku przeciwko
graniczącemu krajowi na miejscu pierwszym
Wojna {futbolowa}
57%
Trzy rodzaje małp, które można znaleźć w Hondurasie
(nazwij dowolną)
Czepiak | Wyjec |
Kapucynki
47%
Zatoki oceaniczne graniczące z HondurasemZatoka {Honduraska}
38%
Co podobno spada z nieba nad miastem Yoro
podczas "Lluvia de Peces"?
Ryby
37%
Drugie najludniejsze miastoSan Pedro Sula
37%
WalutaLempira
34%
Zatoki oceaniczne graniczące z HondurasemZatoka {Fonseca}
32%
Znaczenie słowa "Honduras" w powyższym językuGłębia
30%
Narodowy ptakAra żółtoskrzydła
29%
Część Hondurasu położona jest wzdłuż tego nieprzyjemnie
brzmiącego historycznego "wybrzeża”
Wybrzeże {Moskitów}
29%
Niefortunny poprzedni pseudonim dla powyższego{Mordercza} stolica
świata
28%

Rozkład punktacji

Percentyl według liczby udzielonych odpowiedzi

Procent ludzi z każdym wynikiem

Twoja historia wyników

Nie rozwiązałeś tego quizu